Phytoremediation

Αποθηκεύτηκε σε:
Λεπτομέρειες βιβλιογραφικής εγγραφής
Άλλοι συγγραφείς: Ansari, Abid A. (Επιμελητής έκδοσης)
Μορφή: Βιβλίο
Γλώσσα:English
Δημοσίευση: New York : Springer, 2015.
Έκδοση:2015.
Θέματα:
Ετικέτες: Προσθήκη ετικέτας
Δεν υπάρχουν, Καταχωρήστε ετικέτα πρώτοι!

MARC

LEADER 00000nam a2200000 a 4500
001 1/109393
008 151120s2015####nyu| ||| |||||||eng||
020 |a 9783319103945  
040 |a GR-MyUa  |b gre  |c GR-MyUa  |e AACR2 
041 0 |a eng 
082 7 |a 628.4   |2 (23)  
245 0 0 |a Phytoremediation /   |c Abid A. Ansari ... [κ. α.], editors.  
246 1 |i Τίτλος τόμου:   |a Management of environmental contaminants  
250 |a 2015.  
260 |a New York :   |b Springer,   |c 2015.  
300 |a 348 σ. ;   |c 24 εκ.  
500 |a Volume 1: Management of environmental contaminants.  
504 |a Περιλαμβάνει βιβλιογραφία.  
650 0 |a Phytoremediation. 
700 1 |a Ansari, Abid A.  |e edt 
852 |a INST  |b LESVOS  |c BK  |e 20151120  |h 628.4 PHY  |p 005100057013  |q 005100057013  |t BK  |y 0 
922 |a 1ΕΛΗ  |b 2015-04  |c Τμήμα Περιβάλλοντος  |d Διαδρομές 
970 |a Τζαφέρη  |b Ευαγγελία  |z 20-11-2015